00337nam a2200121Ia 4500008004100000041000800041082001800049100001800067245003800085260005800123300001300181999002100194231228s1998 xx 000 0 und d aeng a658.4012bLAL aLAL (Subhash) aProfitability and Business Policy aNew DelhibAnmol Publications Pvt Ltd New Delhic1998 aVIII,312 c1083978d1083978